00587nam a2200169 a 450000100100000000500170001000800410002702000180006804000250008610000320011124500700014325000120021326000340022530000360025995201050029599900170040000004054320201002034213.0130830s2010 sp 001 0 spa d a9788437619934 aDO-SdBNPbspacBNPHU1 aGutiérrez, Ramón91911810aArquitectura y Urbanismo en Iberoamérica /cRamón Gutérrez. a6a. ed. aMadrid :bGrupo Anaya,c2010. a802 p. :bil., retrs. ;c22 cm. 001050718MOaGRbGRcCTd2013-08-30iLF1l0o p40543-10r2020-06-25w2020-06-25y1ZNo se presta c40033d40033